the lakes - Taylor Swift (All Lyrics) - Statistics

General Stats
  • This quiz has been taken 1,906 times
  • The average score is 191 of 233
Answer Stats
Answer % Correct
a
99%
A
99%
I
99%
all
98%
me
98%
the
98%
lakes
97%
Lakes
97%
my
97%
to
97%
where
97%
die
96%
poets
96%
Take
96%
be
95%
do
95%
went
95%
you
95%
don't
94%
and
93%
And
93%
belong
93%
neither
91%
it
90%
no
90%
No
90%
with
90%
With
90%
beloved
88%
not
88%
but
87%
I'm
87%
like
87%
perfect
86%
place
86%
cry
85%
look
85%
without
85%
Is
84%
muse
84%
of
83%
Those
83%
how
81%
out
80%
In
79%
in
79%
peaks
79%
romantic
79%
these
78%
These
78%
What
78%
what
78%
for
77%
cell
75%
off
75%
phones
75%
want
75%
hunters
74%
cut
72%
over
72%
here
71%
setting
71%
eulogize
70%
one
70%
watch
70%
grow
69%
Cause
68%
feet
68%
right
68%
haven't
67%
sad
67%
around
66%
bare
66%
moved
66%
rose
66%
years
66%
cynical
64%
elegies
64%
up
64%
wisteria
64%
red
63%
Windermere
63%
auroras
62%
grew
62%
are
61%
love
61%
should
61%
tweet
61%
under
61%
prose
59%
Tell
59%
clones
58%
frozen
58%
ground
58%
ice
57%
hurt
56%
skin
56%
worth
56%
too
55%
heart
54%
waves
54%
I've
53%
some
53%
namedropping
52%
stopping
52%
come
51%
far
49%
burrowed
48%
grief
47%
cliffside
46%
sleaze
46%
bathe
45%
pools
44%
calamitous
42%
insurmountable
40%
While
29%
words
21%
No matching quizzes found
Score Distribution
Percent of People with Each Score
Percentile by Number Answered
Your Score History
You have not taken this quiz